LEADER 02345nam0 22004693i 450 001 SBL0582498 005 20251003044357.0 020 $aIT$b774397 100 $a19910930d1977 ||||0itac50 ba 101 | $aita 102 $ait 181 1$6z01$ai $bxxxe 182 1$6z01$an 183 1$6z01$anc$2RDAcarrier 200 1 $aLavoro e lavoratori nell'Italia contemporanea$fMario Abrate$gintroduzione di Sergio Zaninelli 210 $aMilano$cF. Angeli$d[1977] 215 $a109 p.$d22 cm 225 | $aContributi per una storia del movimento sindacale in Italia$v1 314 $an. 1927 // Professore universitario di Storia economica$9CFIV009478 410 0$1001RAV0042593$12001 $aContributi per una storia del movimento sindacale in Italia$v1 606 $aLavoro$xItalia$xSec. 20.$2FIR$3LO1C281849$9I 606 $aSindacati$xItalia$xStoria$2FIR$3CFIC093669$9E 676 $a331.80945$9Economia del lavoro. Sindacati, contrattazione e controversie collettive. Italia.$v19 676 $a331.880 945$9$v20 676 $a331.880945$9SINDACATI. Italia$v20 676 $a331.880945$9SINDACATI. Italia$v23 686 $aIT/X436.0$cLAVORO SINDACATI DEI LAVORATORI ITALIA$2R 696 $aAssociazioni sindacali$aOrganizzazioni sindacali$aOrganizzazione sindacale 699 $aSindacati$yAssociazioni sindacali 699 $aSindacati$yOrganizzazioni sindacali 699 $aSindacati$zOrganizzazione sindacale 700 1$aAbrate$b, Mario$f <1927-1983>$3CFIV009478$4070$0111648 702 1$aZaninelli$b, Sergio$3CFIV009040 801 3$aIT$bIT-000000$c19910930 850 $aIT-BN0095 $aIT-NA0079 $aIT-NA0230 901 $bNAP BN$cMISC. $nLa consegna dei documenti è effettuata dall'Ufficio Distribuzione 901 $bNAP 01$cPOZZO LIB.$nVi sono collocati fondi di economia, periodici di ingegneria e scienze, periodici di economia e statistica e altri fondi comprendenti documenti di economia pervenuti in dono. 912 $aSBL0582498 950 0$aBiblioteca Centralizzata di Ateneo$c1 v.$d 01POZZO LIB.F. ASSANTE 317$e 0101 0060016465E VMA 1 v. (Precedente collocazione A 515)$fB $h20220923$i20220923 977 $a 01$a BN$a IR 996 $aLavoro e lavoratori nell'Italia contemporanea$9443511 997 $aUNISANNIO